000 00736nam a2200229 i 4500
001 8393
003 ES-MaACL
005 20230906145440.0
007 t|
008 920615s1986 xxu ||||1| eng d
020 _a0-201-10194-7
080 _a621-52
100 1 _aAho, Alfred V.
_918948
245 1 0 _aCompilers
_b: principles, techniques, and tools /
_cAlfred V. Aho, Ravi Sethi, Jeffrey D. Ullman.
260 _aReading, Massachusetts [etc.] :
_bAddison-Wesley Publishing,
_ccop. 1986.
300 _aX, 796 p. ;
_c22 cm.
504 _aBibliogr. p.: 752-779.
650 1 4 _aInformática-
_xCompilación.
_913760
700 1 _aSethi, Ravi.
_9105896
700 1 _aUllman, Jeffrey D.
_9111930
852 _aES-MaACL
_jL-13903
_bR.120107
999 _c8393
_d8393